00985nam a2200265Ia 4500001000700000003000500007008004100012010001100053020002200064040000900086082001800095100003300113245010800146246008500254260005800339300001500397500008600412503001800498504003300516650004800549650004100597650001700638650004200655650002200697Z_7094CHAP220113s9999 xx 000 0 und d a170367 a978-84-8364-574-1 cCHAP aC 631.583 O25 aOblaré Torres, José Luis aInstalaciones agrarias, su acondicionamiento, limpieza y desinfección /cJosé Luis Oblaré Torres aUF0008 : Instalaciones agrarias, su acondicionamiento, limpieza y desinfección aAntequera, Málaga, España :bIC Editorial,c  aiv, 422 p. aEn cubierta: Certificado de profesionalidad AGAH0108- Horticultura y floricultura aej.1: consumo aBibliografía: p. 142 - 143 aEquipamiento para el cuidado de las plantas aEstructuras e instalaciones agrarias aInvernaderos aMaquinaria y equipamiento agrícola  asistemas de riego